Loading...
| Science - Physics | 0 | 7 | 3 | 1 | 55 | 34 | 67.57 | 0 | 0 | 0.00 | 0.00 |
| Science - Biology | 0 | 4 | 0 | 0 | 40 | 29 | 66.50 | 1 | 1 | 0.00 | 0.00 |
| Current Events | 0 | 3 | 0 | 1 | 30 | 53 | 81.33 | 0 | 0 | 0.00 | 0.00 |
| Science - Chemistry | 0 | 4 | 2 | 2 | 30 | 81 | 99.00 | 0 | 0 | 0.00 | 0.00 |
| Social Science | 0 | 3 | 0 | 0 | 30 | 49 | 68.33 | 0 | 3 | 0.00 | 0.00 |
| History - American | 0 | 2 | 0 | 0 | 20 | 31 | 42.50 | 0 | 2 | 0.00 | 0.00 |
| History - European | 0 | 2 | 0 | 0 | 20 | 52 | 61.00 | 0 | 0 | 0.00 | 0.00 |
| Mythology | 0 | 2 | 0 | 0 | 20 | 99 | 100.00 | 0 | 0 | 0.00 | 0.00 |
| Science - Other | 0 | 2 | 1 | 0 | 15 | 24 | 27.50 | 2 | 2 | 0.00 | 0.00 |
| Fine Arts - Other | 0 | 1 | 0 | 0 | 10 | 97 | 97.00 | 0 | 0 | 0.00 | 0.00 |
| History - World | 0 | 1 | 0 | 0 | 10 | 42 | 42.00 | 0 | 1 | 0.00 | 0.00 |
| Fine Arts - Classical Music | 0 | 1 | 1 | 0 | 5 | 92 | 92.00 | 0 | 1 | 0.00 | 0.00 |
| Philosophy | 0 | 1 | 1 | 0 | 5 | 92 | 92.00 | 0 | 0 | 0.00 | 0.00 |
| History - Other | 0 | 1 | 2 | 1 | 0 | 114 | 114.00 | 0 | 0 | 0.00 | 0.00 |
| Literature - British | 0 | 0 | 0 | 0 | 0 | 0.00 | 0 | 0 | 0.00 | 0.00 |